书目信息 |
| 题名: |
新媒体运营
|
|
| 作者: | 苏华 著 | |
| 分册: | ||
| 出版信息: | 北京 中国商业出版社 2021 |
|
| 页数: | 191页 | |
| 开本: | 24cm | |
| 丛书名: | ||
| 单 册: | ||
| 中图分类: | F713.365.1 | |
| 科图分类: | ||
| 主题词: | 电子商务--dian zi shang wu--运营管理 | |
| 电子资源: | ||
| ISBN: | 978-7-5208-1273-3 | |
| 000 | 00937nam0 2200241 450 | |
| 001 | 2151118435 | |
| 005 | 20211018173724.0 | |
| 010 | @a978-7-5208-1273-3@dCNY48.00 | |
| 100 | @a20210305d2021 em y0chiy0120 ea | |
| 101 | 0 | @achi |
| 102 | @aCN@b110000 | |
| 105 | @ay z 000yy | |
| 106 | @ar | |
| 200 | 1 | @a新媒体运营@Axin mei ti yun ying@e电商人从零开始学运营@f苏华著 |
| 210 | @a北京@c中国商业出版社@d2021 | |
| 215 | @a191页@d24cm | |
| 330 | @a本书从了解新媒体运营入手,进而阐释了新媒体运营的必备能力,设置了内容生产、渠道运营、引流推广、数据监测、社群运营、活动策划等几大板块,并对其中的一些重点内容进行了解读,同时还介绍了一些应该了解和掌握的数据分析工具及软件。 | |
| 517 | 1 | @a电商人从零开始学运营@Adian shang ren cong ling kai shi xue yun ying |
| 606 | 0 | @a电子商务@Adian zi shang wu@x运营管理 |
| 690 | @aF713.365.1@v5 | |
| 701 | 0 | @a苏华@Asu hua@4著 |
| 801 | 0 | @aCN@b百万庄@c20211018 |
| 905 | @b1310272-75@dF713.365.1@e1200@f4 | |
| 新媒体运营:电商人从零开始学运营/苏华著.-北京:中国商业出版社,2021 |
| 191页;24cm |
| ISBN 978-7-5208-1273-3:CNY48.00 |
| 本书从了解新媒体运营入手,进而阐释了新媒体运营的必备能力,设置了内容生产、渠道运营、引流推广、数据监测、社群运营、活动策划等几大板块,并对其中的一些重点内容进行了解读,同时还介绍了一些应该了解和掌握的数据分析工具及软件。 |
| ● |
| 相关链接 |
|
|
|
|
正题名:新媒体运营
索取号:F713.365.1/1200
 
预约/预借
| 序号 | 登录号 | 条形码 | 馆藏地/架位号 | 状态 | 备注 |
| 1 | 1310272 | 213102729 | 第一样本阅览室/ [索取号:F713.365.1/1200] | 在馆 | |
| 2 | 1310273 | 213102738 | 第一借阅区/ [索取号:F713.365.1/1200] | 在馆 | |
| 3 | 1310274 | 213102747 | 第一借阅区/ [索取号:F713.365.1/1200] | 在馆 | |
| 4 | 1310275 | 213102756 | 第一借阅区/ [索取号:F713.365.1/1200] | 在馆 |